S-Z

Uloženo v:
Podrobná bibliografie
Hlavní autor: Barthes, Roland
Médium: Kniha
Jazyk:Undetermined
Vydáno: México, Distrito Federal Siglo XXI 1987
Vydání:4
Témata:
Tagy: Přidat tag
Žádné tagy, Buďte první, kdo vytvoří štítek k tomuto záznamu!

MARC

LEADER 00000nam a2200000Ia 4500
008 170316s9999 xx 000 0 und d
090 |a 801 B-7sz 
100 |a Barthes, Roland 
245 |a S-Z 
250 |a 4 
260 |a México, Distrito Federal 
260 |b Siglo XXI 
260 |c 1987 
300 |a 222 páginas 
650 |a TEORÍA LITERARIA 
650 |a ANÁLISIS LITERARIO 
650 |a HONORE DE BALZAC - SARRASINE 
999 |c 20143  |d 20143 
040 |a cru BVZT 
942 |c 15 D  |h 801 B-7sz  |2 z